| 000 | 00477nam a2200181Ia 4500 | ||
|---|---|---|---|
| 001 | 13034 | ||
| 005 | 20260306163024.0 | ||
| 008 | 260306t2008||||xx |||||||||||||| ||spa|| | ||
| 041 | _aESP | ||
| 082 |
_aRD 658.303 _bA93 |
||
| 100 |
_aAyala Espinoza, Fernando _eAUT |
||
| 245 | 0 | _aDiccionario bilingue de términos de recursos humanos y administración | |
| 260 | _c2008 | ||
| 300 |
_a23 páginas : _c348 p. |
||
| 650 | _aGEN | ||
| 654 | _aCAN | ||
| 942 |
_cDIC _dJUS _fJUS _2ddc _n |
||
| 999 |
_c13034 _d13034 |
||